| 000 | 004490000a22001810004500 | ||
|---|---|---|---|
| 003 | MACL | ||
| 005 | 20151229133859.0 | ||
| 008 | 151229b xxu||||| |||| 00| 0 eng d | ||
| 040 |
_aMACL _cMACL |
||
| 041 | _aEnglish | ||
| 082 | _a190/BHA | ||
| 100 |
_aBahm, Archie j _923888 |
||
| 245 | _aPhilosophy An Introduction | ||
| 260 |
_bAsia Publishing House _c1964 _aNew York |
||
| 350 | _a8 | ||
| 650 |
_aPhilosophy _923889 |
||
| 942 |
_cBK _k190/BAH _2ddc |
||
| 999 |
_c36217 _d36217 |
||